000 02328nam a2200385 i 4500
001 000021865
003 DO-SdBPM
005 20260212101447.0
007 ta
008 100914e2000 dr a gr 001 0dspa d
020 _a999342904X
040 _aDO-SdBPM
_bspa
_cBPMSU
_erda
_d
041 _aspa
082 4 _a972.93053
_bC697f 2000
_222
100 1 _aCollado, Lipe,
_d1947-
_eautor
_4aut.
245 1 3 _aEl foro público en la Era de Trujillo :
_bde cómo el chisme fue elevado a la categoría de asunto de estado /
_cLipe Collado.
250 _aTercera edición
264 4 _aSanto Domingo, República Dominicana
_bEditora Collado, S. A.,
_c©2000.
300 _a271 páginas :
_bilustraciones ;
_c23 cm.
336 _atexto
_btxt
_2rdacontent
337 _asin mediación
_bn
_2rdamedia
338 _avolumen
_bnc
_2rdacarrier
500 _aIncluye datos biográficos del autor en las solapas de las cubiertas.
500 _aIncluye índice de 243 foros.
500 _aIncluye índice Onomástico
504 _aIncluye referencias bibliográficas y notas al pie de las páginas.
505 0 _gPalabras preliminares --
_tDe cómo el chisme fue elevado a la categoría de asunto de estado --
_tVocación por la comunicación --
_tAntecedentes inmediatos del Foro Público --
_tUna cadena presagiosa --
_tUna visión certera --
_tEntre la confidencia y la inteligencia --
_tRedactores del foro --
_tLos tirilleros de Trujillo --
_tLos profesionales del forismo --
_tTrujillo: jefe del Foro Público --
_tUn monumento al chisme --
_gSegunda parte :
_tForo contra antitrujillistas --
_gTercera parte :
_tCasos muy sonados --
_tLos foros contra los abogados, Federico C. Álvarez y Eduardo Sánchez Cabral --
_tAlgo más sobre este caso --
_tForos contra la iglesia católica --
_tEl caso de Anselmo Paulino --
_tForos contra la familia Henríquez --
_tOtros foros --
_tDos foros contra Balaguer --
_tBalaguer se defiende --
_tÍndice onomástico.
590 _aInventariado, 2026 / VM
650 7 _aDiarios dominicanos
_xSecciones, columnas, etc.
650 7 _aPolítica y medios de comunicación de masas
651 7 _aRepública Dominicana
_xPolítica y gobierno
_yEra de Trujillo, 1930-1961
730 0 _aEl Caribe (República Dominicana)
_pEl Foro Público
910 _aVMateo V. Control de calidad BPMSU
942 _2ddc
_cBK
999 _c15687
_d15687